01037nam a2200205 a 450000100060000000300090000600800410001502000150005604000280007108200220009910000290012124500320015026000400018230000110022250505160023365000380074965000150078794200120080299900170081414577CO-ViMGA141112s2004 ck r 000 u spa d a8448111567 aCO-ViMGAbspacCO-ViMGA04a372.358 G653e Ej31 aVejo Gallo, Primo92131610aeducación en tecnologia 3 aSta Fe de Bogotá McGraw Hill 1997 a205 p. aEstructuras - evolución Metrología - instrumentos - normas Herramientas de corte - tipos Palanca Operadores aislados Electricidad generadores - elementos Dibujo tecnico - elementos - clases Plano sistemas de representación Empresa - clases - organización - documentos Tecnología - historia Biela Manivela Cigüeñal o manubrio - - Corriente electrica - magnitudes Electrónica Resistencias Documentos comerciales - clases Movimientos - transformación - transmisión Educación en tecnología 314aeducación EN TECNOLOGIA 92131714aTECNOLOGIA 2ddccBK c25164d25164